LIBRARY ONLINE CATALOGUE

Manual of diagnostic ultrasound / (Record no. 9157)

MARC details
000 -LEADER
fixed length control field 00609nam a22002052 4500
001 - CONTROL NUMBER
control field 0000019997
005 - DATE AND TIME OF LATEST TRANSACTION
control field 20151217152206.0
008 - FIXED-LENGTH DATA ELEMENTS--GENERAL INFORMATION
fixed length control field 110415s xx 000 0 eng d
020 ## - INTERNATIONAL STANDARD BOOK NUMBER
International Standard Book Number 9966854126 :
040 ## - CATALOGING SOURCE
Original cataloging agency KABU
Transcribing agency KABU
100 1# - MAIN ENTRY--PERSONAL NAME
Personal name Elias, G. D. Onditi.
-- 0000180022
245 10 - TITLE STATEMENT
Title Manual of diagnostic ultrasound /
Statement of responsibility, etc. G. D. Onditi Elias.
250 ## - EDITION STATEMENT
Edition statement 1st ed.
260 ## - PUBLICATION, DISTRIBUTION, ETC. (IMPRINT)
Place of publication, distribution, etc. Eldoret, Kenya :
Name of publisher, distributor, etc. Moi University,
Date of publication, distribution, etc. 1996.
300 ## - PHYSICAL DESCRIPTION
Extent viii, 70 p.
650 #0 - SUBJECT ADDED ENTRY--TOPICAL TERM
Topical term or geographic name as entry element Diagnosis, Ultrasonic.
-- 0000180023
852 1# - LOCATION
-- p270 KES
908 ## - PUT COMMAND PARAMETER (RLIN)
Put command parameter 110415
950 ## - LOCAL HOLDINGS (RLIN)
-- 1
Holdings
Withdrawn status Lost status Source of classification or shelving scheme Not for loan Home library Current library Date acquired Total Checkouts Full call number Barcode Date last seen Price effective from Koha item type
    Library of Congress Classification   Kabarak, Main Campus Kabarak, Main Campus 17/12/2015   RC78.7 .U4E45 1996 c. 1 21887 17/12/2015 17/12/2015 General Collection